विपणन प्रबंधन/ (Record no. 210292)

MARC details
000 -LEADER
fixed length control field 00736nam a22002057a 4500
005 - DATE AND TIME OF LATEST TRANSACTION
control field 20250313142234.0
010 ## - LCCN (DPL NO)
LC control number HIN-129490
020 ## - INTERNATIONAL STANDARD BOOK NUMBER
Terms of availability 300.00
International Standard Book Number 9789353792749
035 ## - SYSTEM CONTROL NUMBER
System control number HN-101836
037 ## - SOURCE OF ACQUISITION
Source of stock number/acquisition DBAD
082 ## - DEWEY DECIMAL CLASSIFICATION NUMBER
Classification number 658.8
100 ## - MAIN ENTRY--PERSONAL NAME
Personal name जैन, पायल
245 ## - TITLE STATEMENT
Title विपणन प्रबंधन/
Statement of responsibility, etc वेद प्रकाश शर्मा
Remainder of title MCO-6
250 ## - EDITION STATEMENT
Edition statement प्रथम
260 ## - PUBLICATION, DISTRIBUTION, ETC. (IMPRINT)
Place of publication, distribution, etc दिल्ली
Name of publisher, distributor, etc नीरज पब्लिकेशन
270 ## - ADDRESS
Address 1507, नई सड़क, दिल्ली-110006
300 ## - PHYSICAL DESCRIPTION
Extent 219पृ.;
Dimensions 24 सेमी (अजिल्द)
700 ## - ADDED ENTRY--PERSONAL NAME
Personal name पायल जैन
9 (RLIN) 79574
942 ## - ADDED ENTRY ELEMENTS (KOHA)
Source of classification or shelving scheme Dewey Decimal Classification
Item type Hindi Books
Classification part 658.8
Call number suffix जैनपा
Holdings
Withdrawn status Lost status Not for loan Home library Current library Date acquired Source of acquisition Cost, normal purchase price Full call number Barcode Copy number Cost, replacement price Koha item type
      RC3 Shakur Pur RC3 Shakur Pur 13/03/2025 DBAD 300.00 658.8 जैनपा HN-101836 1 300.00 Hindi Books

© Delhi Public Library
Hit Counter
free hit counter